Central Library OPAC University of Rajshahi

في الأدب الجاهلي ;; Fī al-adab al-jāhilī / (Record no. 78387)

MARC details
000 -LEADER
fixed length control field 00740aaa a22002171a 4500
001 - CONTROL NUMBER
control field 78387
003 - CONTROL NUMBER IDENTIFIER
rucl marc code BD-RjUL
005 - DATE AND TIME OF LATEST TRANSACTION
control field 20211209083126.0
008 - FIXED-LENGTH DATA ELEMENTS--GENERAL INFORMATION
fixed length control field 210915s2005 le ||||| |||| 001 0 ara d
020 ## - INTERNATIONAL STANDARD BOOK NUMBER
International Standard Book Number 9770268569
035 ## - SYSTEM CONTROL NUMBER
System control number (BD-RjUL)78613
040 ## - CATALOGING SOURCE
Original cataloging agency BD-RjUL
Language of cataloging eng
Transcribing agency BD-RjUL
041 ## - LANGUAGE CODE
Language code of text/sound track or separate title ara
082 ## - DEWEY DECIMAL CLASSIFICATION NUMBER
Edition number 23
Classification number 892.7609
Author mark and year HUF 2005
100 10 - MAIN ENTRY--PERSONAL NAME
Personal name Hussien, Taha ;; حسين, طه
9 (RLIN) 247963
245 10 - TITLE STATEMENT
Title في الأدب الجاهلي ;; Fī al-adab al-jāhilī /
Statement of responsibility, etc. Taha Hussien ;; طه حسين
260 ## - PUBLICATION, DISTRIBUTION, ETC. (IMPRINT)
Place of publication, distribution, etc. القاهرة :
Name of publisher, distributor, etc. دار المعارف ,
Date of publication, distribution, etc. 2005
650 ## - SUBJECT ADDED ENTRY--TOPICAL TERM
Topical term or geographic name as entry element الأدب العربي
Form subdivision تأريخ
Chronological subdivision ٥٠٠-٦٠٠
9 (RLIN) 247296
Topical term or geographic name as entry element Arabic litterature
Form subdivision history
Chronological subdivision 500-600
9 (RLIN) 247964
942 ## - ADDED ENTRY ELEMENTS (KOHA)
Source of classification or shelving scheme Dewey Decimal Classification
Koha item type Books
Holdings
Lost status Source of classification or shelving scheme Damaged status Not for loan Collection code Permanent Location Current Location Shelving location Date acquired Source of acquisition Cost, normal purchase price Total Checkouts Full call number Date last seen Copy number Koha item type
  Dewey Decimal Classification   Not For Loan Non-fiction Central Library, University of Rajshahi Central Library, University of Rajshahi Reading Room 17/11/2009 Ahsania Mission , Dhaka 450.00   A 892.7609 HUF 2005 15/09/2021 C-1 Books
  Dewey Decimal Classification     Non-fiction Central Library, University of Rajshahi Central Library, University of Rajshahi   25/10/2021       A 892.7609 HUF 1962 25/10/2021 C-1 Books